Cargando...

Leading for health and wellbeing

Detalles Bibliográficos
Autor Principal: Taylor,Vicki
Formato: Printed Book
Publicado: London Sage 2012
Subjects:
LEADER 00486nam a22001577a 4500
020 |a 9780857258298 
082 |a 362.106 8  |b TAY/L 
100 |a Taylor,Vicki 
245 |a Leading for health and wellbeing 
260 |a London  |b Sage  |c 2012 
300 |a 205 
650 |a Social welfare 
650 |a Social health 
942 |c BK 
999 |c 31785  |d 31785 
952 |0 0  |1 0  |4 0  |6 362_106000000000000_8_TAYL  |7 0  |8 Stack  |9 33670  |a KUCL  |b KUCL  |c Stack  |d 2014-06-11  |l 0  |o 362.106 8 TAY/L  |p 32519  |r 2014-06-11  |w 2014-06-11  |y BK